00230nam a22000977a 450000500170000000800410001704000070005804100080006524500500007326000090012320230722114717.0230722b ||||| |||| 00| 0 eng d cAL aeng aStudy on effectiveness of training programmes c2003